Riwayat bidadari syurga

Bibliographic Details
Main Author: Munif Ahmad
Format: Book
Published: Selangor : Hijjaz Records Publishing , 2009
Subjects:

MARC

LEADER 00000cam a2200000 7i4500
001 0000029208
005 20100406.0
008 100406
020 |a 9834222932 
090 0 0 |a 297.082   |b MUN 
100 0 |a Munif Ahmad 
245 1 0 |a Riwayat bidadari syurga   |c Munif Ahmad 
260 |a Selangor :   |b Hijjaz Records Publishing ,   |c 2009 
650 0 |a Women in Islam   |x Anecdotes 
999 |a 0001064965   |b Book   |c Adult Collection   |e Cawangan Tmn. Ungku Tun Aminah 
999 |a 0001065842   |b Book   |c Adult Collection   |e Cawangan Bukit Gambir 
999 |a 0001065931   |b Book   |c Adult Collection   |e Cawangan Taman Sri Lambak 
999 |a 0001066079   |b Book   |c Adult Collection   |e Cawangan Bandar Tenggara 
999 |a 0001066234   |b Book   |c Adult Collection   |e Cawangan Tangkak 
999 |a 0001066442   |b Book   |c Adult Collection   |e Cawangan Mersing 
999 |a 0001066620   |b Book   |c Adult Collection   |e Cawangan Mersing 
999 |a 0001066834   |b Book   |c Adult Collection   |e Perbadanan Perpustakaan Awam Johor